Hellenic research in mathematics and informatics '92 : proceedings of the first Hellenic Conference on Mathematics and Informatics, 25-26 September 1992, Athens, Hellas

Αποθηκεύτηκε σε:
Λεπτομέρειες βιβλιογραφικής εγγραφής
Συλλογικό Έργο: Hellenic Conference on Mathematics and Informatics : Athens, Hellas, Ελληνική Μαθηματική Εταιρεία
Άλλοι συγγραφείς: Λιπιτάκης, Ηλίας Α. (Επιμελητής έκδοσης)
Μορφή: Πρακτικό Συνεδρίου Βιβλίο
Γλώσσα:English
Δημοσίευση: Athens : Hellenic Mathematical Society, c1992
Θέματα:
Ετικέτες: Προσθήκη ετικέτας
Δεν υπάρχουν, Καταχωρήστε ετικέτα πρώτοι!

MARC

LEADER 00000nam a2200000 i 4500
001 1/11198
008 000908s1992 eng d
020 |a 1105-9737 
035 |l 10063740 
040 |a GR-MY-UA  |b gre  |e aacr 
041 0 |a eng 
082 0 |a 004.0151 
111 0 |a Hellenic Conference on Mathematics and Informatics  |n (1st  |d : 1992  |c : Athens, Hellas) 
245 1 0 |a Hellenic research in mathematics and informatics '92 :  |b proceedings of the first Hellenic Conference on Mathematics and Informatics, 25-26 September 1992, Athens, Hellas /  |c Elias A. Lipitakis, Editor 
260 |a Athens :   |b Hellenic Mathematical Society,   |c c1992 
300 |a 555 σ.;  |c 25 εκ. 
650 0 0 |a Computer science  |x Mathematics  |x Congresses. 
700 1 |a Λιπιτάκης, Ηλίας Α.  |4 edt 
710 2 |a Ελληνική Μαθηματική Εταιρεία. 
852 |a INST  |b RHODES  |e 20000908  |h 004.0151 HEL  |p 005400015479  |q 005400015479  |t BK  |y 0 
901 |a BIBL4-2000-2 
909 |a Ρ  |b 057170 
922 |a 4ΕΛΗ  |b 199805  |c ΚΠΣ/Ν  |d EMVASIS 
970 |z 2000/09/ELIDOC